| 000 | 02587nam a22003737a 4500 | ||
|---|---|---|---|
| 001 | 1005097.0 | ||
| 003 | KnowledgeUnlatched | ||
| 005 | 20210303104850.0 | ||
| 006 | m o d | ||
| 007 | cr u|||||||||| | ||
| 008 | 210129p20192020cau o u00| u eng d | ||
| 037 | _5BiblioBoard | ||
| 245 | 0 | 0 |
_aFrame by Frame _cHannah Frank. |
| 020 | _a9780520972773 | ||
| 024 | 8 | _a10.1525/luminos.65 | |
| 029 | 1 | _ahttps://library.biblioboard.com/ext/api/media/9850d640-7252-4c31-89a6-bb72f0a3f877/assets/thumbnail.jpg | |
| 040 |
_aScCtBLL _cScCtBLL |
||
| 100 | 1 |
_aFrank, Hannah _eauthor. |
|
| 264 | 1 | _bUniversity of California Press, | |
| 300 | _a1 online resource (1 p.) | ||
| 506 | 0 |
_aAccess copy available to the general public. _fUnrestricted _2star |
|
| 520 | _aFor most of the twentieth century, the making of animated cartoons was mechanized and standardized to allow for high-volume production: thousands of drawings were inked and painted onto individual transparent celluloid sheets (called "cels") and then photographed in succession, a labor-intensive process that was divided across scores of artists and technicians, most of them anonymous. In order to understand how the industrial mode of production influenced the medium's visual style, this book regards each frame of a given animated cartoon as a historical document in its own right. This new consideration of the materiality of the medium analyzes cartoons frame by frame to expose hitherto unseen qualities of the image. The book covers the different technologies of reproduction involved in this process, from photography to xerography, as well as the idiosyncrasies of the image-from abstract imagery to mistakes in reproduction-that can be seen only when the film is halted. What emerges is both a new methodology for thinking about animation, the idea of frame-by-frame analysis, and a highly original account of an art formed on the assembly line. | ||
| 588 | 0 | _aDescription based on print version record. | |
| 590 | _aLuminos | ||
| 650 | 7 |
_aPerforming Arts / Film _2bisacsh |
|
| 650 | 7 |
_aSocial Science / Media Studies _2bisacsh |
|
| 650 | 0 | _aSocial sciences | |
| 655 | 0 | _aElectronic books. | |
| 758 |
_iIs found in: _aKnowledge Unlatched _1https://openresearchlibrary.org/module/2774bc74-146a-484f-a7ba-ab1d6a09bbfb |
||
| 856 | 4 | 0 |
_uhttps://openresearchlibrary.org/content/9850d640-7252-4c31-89a6-bb72f0a3f877 _zView this content on Open Research Library. _70 |
| 999 |
_c32789 _d32789 |
||